Sudden Death: Best Picture Oscars, 1950s - Statistics

General Stats
  • This quiz has been taken 33 times
  • The average score is 6 of 10
Answers on the Grid
Answers color-coded by a green-red scale on the quiz's grid according to % correct below.
All About Eve
An American in Paris
The Greatest Show on Earth
From Here to Eternity
On the Waterfront
Marty
Around the World in 80 Days
The Bridge on the River Kwai
Gigi
Ben-Hur
Sunset Boulevard
A Streetcar Named Desire
High Noon
Roman Holiday
The Caine Mutiny
The Rose Tattoo
The Ten Commandments
12 Angry Men
Cat on a Hot Tin Roof
The Diary of Anne Frank
Quo Vadis
The Robe
Three Coins in the Fountain
Love Is a Many-Splendored Thing
The King and I
Auntie Mame
Anatomy of a Murder
Born Yesterday
Mister Roberts
Picnic
Giant
Peyton Place
Witness for the Prosecution
The Nun’s Story
A Place in the Sun
The Defiant Ones
 
Answer Stats
Answer % Correct
1957 The Bridge on the River Kwai
81%
1959 Ben-Hur
78%
1954 On the Waterfront
74%
1952 The Greatest Show on Earth
70%
1955 Marty
67%
1953 From Here to Eternity
59%
1950 All About Eve
56%
1956 Around the World in 80 Days
52%
1951 An American in Paris
48%
1958 Gigi
41%
No matching quizzes found
Score Distribution
Percent of People with Each Score
Percentile by Number Answered
Your Score History
You have not taken this quiz